Moluccas speeches of President Soekarno. (Record no. 73378)
[ view plain ]
| 000 -LEADER | |
|---|---|
| fixed length control field | 00994cam a22002891a 4500 |
| 001 - CONTROL NUMBER | |
| control field | sa 67002696 |
| 003 - CONTROL NUMBER IDENTIFIER | |
| control field | DLC |
| 005 - DATE AND TIME OF LATEST TRANSACTION | |
| control field | 20260227112332.0 |
| 008 - FIXED-LENGTH DATA ELEMENTS--GENERAL INFORMATION | |
| fixed length control field | 850301s1959 io ab f000 0 eng |
| 010 ## - LIBRARY OF CONGRESS CONTROL NUMBER | |
| LC control number | sa 67002696 |
| 025 ## - OVERSEAS ACQUISITION NUMBER | |
| Overseas acquisition number | PL480:Indo-3981 |
| 035 ## - SYSTEM CONTROL NUMBER | |
| System control number | (OCoLC)11753254 |
| 040 ## - CATALOGING SOURCE | |
| Original cataloging agency | DLC |
| Transcribing agency | HU |
| Modifying agency | HU |
| -- | DLC |
| 041 1# - LANGUAGE CODE | |
| Language code of text/sound track or separate title | eng |
| Language code of original | ind |
| 042 ## - AUTHENTICATION CODE | |
| Authentication code | premarc |
| 050 00 - LIBRARY OF CONGRESS CALL NUMBER | |
| Classification number | DS644.2 1959 |
| Item number | .S885 |
| 100 0# - MAIN ENTRY--PERSONAL NAME | |
| Personal name | Soekarno, |
| Dates associated with a name | 1901-1970. |
| 245 10 - TITLE STATEMENT | |
| Title | Moluccas speeches of President Soekarno. |
| 260 ## - PUBLICATION, DISTRIBUTION, ETC. | |
| Place of publication, distribution, etc. | Djakarta : |
| Name of publisher, distributor, etc. | Ministry of Information, Republic of Indonesia, |
| Date of publication, distribution, etc. | [1959] |
| 300 ## - PHYSICAL DESCRIPTION | |
| Extent | 69 p., [1] leaf of plates : |
| Other physical details | ill., map. ; |
| Dimensions | 21 cm. |
| 490 1# - SERIES STATEMENT | |
| Series statement | President's speeches series ; |
| Volume/sequential designation | 1959 |
| 490 0# - SERIES STATEMENT | |
| Series statement | Special issue ; |
| Volume/sequential designation | 34 |
| 500 ## - GENERAL NOTE | |
| General note | "Translations from the original version in Indonesian." |
| 651 #0 - SUBJECT ADDED ENTRY--GEOGRAPHIC NAME | |
| Geographic name | Indonesia |
| General subdivision | Politics and government |
| Chronological subdivision | 1950-1966. |
| 651 #0 - SUBJECT ADDED ENTRY--GEOGRAPHIC NAME | |
| Geographic name | Maluku (Indonesia) |
| General subdivision | Politics and government. |
| 800 1# - SERIES ADDED ENTRY--PERSONAL NAME | |
| Personal name | Soekarno, |
| Dates associated with a name | 1901-1970. |
| Title of a work | President's speeches series ; |
| Volume/sequential designation | 1959. |
No items available.